| 000 | 00594nam a2200193Ia 4500 | ||
|---|---|---|---|
| 003 | OSt | ||
| 005 | 20251205160834.0 | ||
| 008 | 210719s1994 xx 000 0 und d | ||
| 040 | _cAL | ||
| 041 | _aKannada | ||
| 082 | _aK894.1 KRAK | ||
| 100 |
_aKRASHNASVAMI SHASTRI (C I) _dಕೃಷ್ಣಸ್ವಾಮಿ ಶಾಸ್ತ್ರಿ (ಸಿ ಐ) _9247987 |
||
| 245 |
_aKampina sampige. _b ಕಂಪಿನ ಸಂಪಿಗೆ. |
||
| 260 |
_aMangaluru _bSi Ai Krashnasvami Shastri _c1994 |
||
| 300 |
_aiv,62 _bPB |
||
| 365 |
_b30 _cRs |
||
| 650 |
_aKannada Poetry _9247988 |
||
| 942 |
_2ddc _cBK |
||
| 999 |
_c212330 _d212330 |
||